Kádrová a personálna práca vo veľkovýrobných podmienkach v poľnohospodárstve na JRD 20. výročia SNP v Gemeri, okres Rimavská Sobota záverečná práca postgraduálneho štúdia
Guardado en:
| Autor principal: | |
|---|---|
| Autor Corporativo: | |
| Otros Autores: | |
| Formato: | Libro |
| Lenguaje: | eslovaco |
| Publicado: |
Bratislava
1979
|
| Etiquetas: |
Sin Etiquetas, Sea el primero en etiquetar este registro!
|
MARC
| LEADER | 00000nam a2200000 4500 | ||
|---|---|---|---|
| 001 | c028019 | ||
| 005 | 20230116095058.5 | ||
| 041 | 0 | |a slo | |
| 044 | |a SK | ||
| 245 | 1 | 0 | |a Kádrová a personálna práca vo veľkovýrobných podmienkach v poľnohospodárstve na JRD 20. výročia SNP v Gemeri, okres Rimavská Sobota |b záverečná práca postgraduálneho štúdia |c Ján Schmotzer ; ved. práce Prokop Jurášek |
| 264 | 1 | |a Bratislava |c 1979 | |
| 300 | |a 74 s. | ||
| 100 | 1 | |a Schmotzer, Ján | |
| 700 | 1 | |a Jurášek, Prokop | |
| 710 | 2 | |a Vysoká škola ekonomická v Bratislave | |